Má vlast = My country /

Hlavní autor: Smetana, Bedřich, 1824-1884
Korporativní autor: Filharmonie Hradec Králové
Další autoři: Štilec, Marek, 1985-
Jazyk: Nelze použít, není lingvistický obsah
Vydáno: Praha : ArcoDiva, [2015]
Témata:
Fyzický popis: 1 CD audio (76:49) ; 12 cm
Zvukové nahrávky
Uloženo v:
LEADER 01756njm a2200493 i 4500
001 001514281
003 CZ BrMZK
005 20160329074926.0
007 sd fsngnnmmned
008 160302t20152015xr synng fh n zxx
024 3 |a 8594029811805 
028 0 1 |a UP 0180 - 2 131  |b ArcoDiva 
040 |a BOA001  |b cze  |e rda 
043 |a e-xr--- 
045 |a w-w- 
048 |a of01 
072 7 |a 785  |x Instrumentální hudba. Symfonická hudba. Hudba pro více nástrojů  |2 Konspekt  |9 9 
080 |a 78.082.1  |2 MRF 
080 |a (086.76)  |2 MRF 
100 1 |a Smetana, Bedřich,  |d 1824-1884  |7 jk01120043 
240 1 0 |a Má vlast  |7 aun2006373489 
245 1 0 |a Má vlast =  |b My country /  |c Bedřich Smetana 
264 1 |a Praha :  |b ArcoDiva,  |c [2015] 
264 4 |c ℗2015 
300 |a 1 CD audio (76:49) ;  |c 12 cm 
306 |a 011649 
336 |a hraná hudba  |b prm  |2 rdacontent 
337 |a audio  |b s  |2 rdamedia 
338 |a audiodisk  |b sd  |2 rdacarrier 
344 |a digital  |b optical  |g stereo  |2 rda 
347 |a audio soubor  |b CD audio  |2 rda 
500 |a Název z disku 
500 |a Technika záznamu DDD 
505 0 |a Vyšehrad -- Vltava -- Šárka -- Z českých luhů a hájů -- Tábor -- Blaník 
511 1 |a Filharmonie Hradec Králové, Marek Štilec, dirigent 
518 |a Nahráno živě v Hradci Králové v červnu 2015 
650 0 7 |a symfonie  |7 ph126358  |z Česko  |y 19. století  |2 czenas 
655 7 |a kompaktní desky  |7 fd201991  |2 czenas 
700 1 |a Štilec, Marek,  |d 1985-  |7 jx20090617026  |4 cnd 
710 2 |a Filharmonie Hradec Králové  |7 ko2004252688  |4 itr 
910 |a BOA001  |b CDR-1364.301 
990 |a AV 
991 |b 201603 
996 6 |b 2610663986  |c CDR-1364.301  |l MZK  |r Sklad / do 24 hodin  |n 0  |p p.v.  |w 001550622  |u 000010  |a 1  |e BOA001  |j MZK50  |s P